<?xml version="1.0" encoding="UTF-8"?>
<record
    xmlns:xsi="http://www.w3.org/2001/XMLSchema-instance"
    xsi:schemaLocation="http://www.loc.gov/MARC21/slim http://www.loc.gov/standards/marcxml/schema/MARC21slim.xsd"
    xmlns="http://www.loc.gov/MARC21/slim">

  <leader>01965nam a22002897a 4500</leader>
  <controlfield tag="001">1528</controlfield>
  <controlfield tag="003">FISKH</controlfield>
  <controlfield tag="005">20250530110159.0</controlfield>
  <controlfield tag="008">230904b        cb ||||| |||| 00| 0 khr d</controlfield>
  <datafield tag="020" ind1=" " ind2=" ">
    <subfield code="a">9789995054885</subfield>
  </datafield>
  <datafield tag="040" ind1=" " ind2=" ">
    <subfield code="a">FISKH </subfield>
    <subfield code="b">eng</subfield>
    <subfield code="c">FISKH </subfield>
    <subfield code="d">FISKH </subfield>
  </datafield>
  <datafield tag="082" ind1=" " ind2=" ">
    <subfield code="a">577.63</subfield>
  </datafield>
  <datafield tag="100" ind1=" " ind2=" ">
    <subfield code="a">Mengcheang, Sungheng </subfield>
  </datafield>
  <datafield tag="245" ind1=" " ind2=" ">
    <subfield code="a">&#x178A;&#x17C6;&#x178E;&#x17BE;&#x179A;&#x17A1;&#x17BE;&#x1784;&#x178F;&#x17B6;&#x1798;&#x1791;&#x1793;&#x17D2;&#x179B;&#x17C1;&#x1798;&#x17C1;&#x1782;&#x1784;&#x17D2;&#x1782;&#x179B;&#x17BE; / </subfield>
    <subfield code="b">&#x1798;&#x17B6;&#x1793;&#x1794;&#x1793;&#x17D2;&#x1790;&#x17C2;&#x1798;&#x1791;&#x17B7;&#x1793;&#x17D2;&#x1793;&#x1793;&#x17D0;&#x1799;&#x1790;&#x17D2;&#x1798;&#x17B8;&#x17D7;! </subfield>
    <subfield code="c">&#x1793;&#x17B7;&#x1796;&#x1793;&#x17D2;&#x1792;&#x178A;&#x17C4;&#x1799; &#x179F;&#x17CA;&#x17BB;&#x1793;&#x17A0;&#x17C1;&#x1784; &#x1798;&#x17C9;&#x17C1;&#x1784;&#x1788;&#x17B6;&#x1784; - &#x17A2;&#x178F;&#x17D2;&#x178F;&#x1794;&#x1791;&#x17A2;&#x17C6;&#x1796;&#x17B8;&#x1781;&#x17C1;&#x178F;&#x17D2;&#x178F;&#x1780;&#x178E;&#x17D2;&#x178A;&#x17B6;&#x179B; &#x1780;&#x17C6;&#x1796;&#x1784;&#x17CB;&#x179F;&#x17D2;&#x1796;&#x17BA; &#x179F;&#x17D2;&#x179C;&#x17B6;&#x1799;&#x179A;&#x17C0;&#x1784; &#x178A;&#x17C4;&#x1799; &#x179F;&#x17CA;&#x17BB;&#x1793; &#x179F;&#x17BB;&#x1782;&#x1793;&#x17D2;&#x1792;&#x1798;&#x17B6;&#x179B;&#x17B6; </subfield>
  </datafield>
  <datafield tag="250" ind1=" " ind2=" ">
    <subfield code="a">&#x1794;&#x17C4;&#x17C7;&#x1796;&#x17BB;&#x1798;&#x17D2;&#x1796;&#x179B;&#x17BE;&#x1780;&#x1791;&#x17B8; &#x17E5;&#x200B; &#x1798;&#x17C1;&#x179F;&#x17B6;&#x200B; &#x17E2;&#x17E0;&#x17E2;&#x17E2; </subfield>
  </datafield>
  <datafield tag="260" ind1=" " ind2=" ">
    <subfield code="a">Phnom Penh : </subfield>
    <subfield code="b">Sipar, </subfield>
    <subfield code="c">2022.</subfield>
  </datafield>
  <datafield tag="300" ind1=" " ind2=" ">
    <subfield code="a">39 pages : </subfield>
    <subfield code="b">color illustrations ; </subfield>
    <subfield code="c">20 cm</subfield>
  </datafield>
  <datafield tag="490" ind1=" " ind2=" ">
    <subfield code="a">&#x1781;&#x17D2;&#x1789;&#x17BB;&#x17C6;&#x1785;&#x1784;&#x17CB;&#x178A;&#x17B9;&#x1784;</subfield>
  </datafield>
  <datafield tag="505" ind1=" " ind2=" ">
    <subfield code="a">Z'
</subfield>
  </datafield>
  <datafield tag="520" ind1=" " ind2=" ">
    <subfield code="a">&#x178A;&#x17C6;&#x178E;&#x17BE;&#x179A;&#x1786;&#x17D2;&#x1796;&#x17C4;&#x17C7;&#x1791;&#x17C5;&#x1791;&#x1793;&#x17D2;&#x179B;&#x17C1;&#x1798;&#x17C1;&#x1782;&#x1784;&#x17D2;&#x1782;&#x179B;&#x17BE; &#x1796;&#x17B7;&#x1796;&#x178E;&#x17CC;&#x1793;&#x17B6;&#x17A2;&#x17C6;&#x1796;&#x17B8;&#x1780;&#x17B6;&#x179A;&#x1792;&#x17D2;&#x179C;&#x17BE;&#x178A;&#x17C6;&#x178E;&#x17BE;&#x179A;&#x178F;&#x17B6;&#x1798;&#x178A;&#x1784;&#x1791;&#x1793;&#x17D2;&#x179B;&#x17C1;&#x1798;&#x17C1;&#x1782;&#x1784;&#x17D2;&#x1782;&#x179B;&#x17BE;&#x1793;&#x17C3;&#x179A;&#x1794;&#x17C0;&#x1794;&#x178A;&#x17C2;&#x179B;&#x1794;&#x17D2;&#x179A;&#x1787;&#x17B6;&#x1787;&#x1793;&#x179A;&#x179F;&#x17CB;&#x1793;&#x17C5;&#x1780;&#x17D2;&#x1793;&#x17BB;&#x1784;&#x1781;&#x17C1;&#x178F;&#x17D2;&#x178F;&#x1780;&#x17C6;&#x1796;&#x1784;&#x17CB;&#x1785;&#x17B6;&#x1798; &#x1780;&#x17D2;&#x179A;&#x1785;&#x17C1;&#x17C7; &#x179F;&#x17D2;&#x1791;&#x17B9;&#x1784;&#x178F;&#x17D2;&#x179A;&#x17C2;&#x1784; &#x179A;&#x178F;&#x1793;&#x1782;&#x17B7;&#x179A;&#x17B8; &#x1798;&#x178E;&#x17D2;&#x178C;&#x179B;&#x1782;&#x17B7;&#x179A;&#x17B8; &#x1793;&#x17B7;&#x1784;&#x17A1;&#x17B6;&#x179C; &#x178A;&#x17C2;&#x179B;&#x1787;&#x17B6;&#x1794;&#x17D2;&#x179A;&#x1791;&#x17C1;&#x179F;&#x1787;&#x17B7;&#x178F;&#x1781;&#x17B6;&#x1784;&#x179A;&#x1794;&#x179F;&#x17CB;&#x1799;&#x17BE;&#x1784;&#x17D4;</subfield>
  </datafield>
  <datafield tag="520" ind1=" " ind2=" ">
    <subfield code="a">Journey to Upper Mekong describes a journey along the upper Mekong River and shows how people live in Kampong Cham, Kratie, Steoung Treng, Rattanakiri, Mondolkiri and Laos, a neighboring country.</subfield>
  </datafield>
  <datafield tag="521" ind1="8" ind2=" ">
    <subfield code="a">1000
</subfield>
    <subfield code="b">Lexile estimate
</subfield>
  </datafield>
  <datafield tag="521" ind1="8" ind2=" ">
    <subfield code="a">Z'
</subfield>
    <subfield code="b">Raz-Plus
</subfield>
  </datafield>
  <datafield tag="650" ind1=" " ind2=" ">
    <subfield code="a">&#x178A;&#x1784;&#x1791;&#x1793;&#x17D2;&#x179B;&#x17C1;&#x1798;&#x17C1;&#x1782;&#x1784;&#x17D2;&#x1782; </subfield>
    <subfield code="v">&#x178A;&#x17C6;&#x178E;&#x17BE;&#x179A;  </subfield>
    <subfield code="x">&#x1787;&#x17B8;&#x179C;&#x17B7;&#x178F;</subfield>
  </datafield>
  <datafield tag="650" ind1=" " ind2=" ">
    <subfield code="a">Mekong river </subfield>
    <subfield code="v">Journey </subfield>
    <subfield code="x">Life </subfield>
  </datafield>
  <datafield tag="942" ind1=" " ind2=" ">
    <subfield code="2">ddc</subfield>
    <subfield code="c">BK</subfield>
    <subfield code="n">0</subfield>
  </datafield>
  <datafield tag="999" ind1=" " ind2=" ">
    <subfield code="c">1528</subfield>
    <subfield code="d">1528</subfield>
  </datafield>
  <datafield tag="952" ind1=" " ind2=" ">
    <subfield code="0">0</subfield>
    <subfield code="1">0</subfield>
    <subfield code="2">ddc</subfield>
    <subfield code="4">0</subfield>
    <subfield code="7">0</subfield>
    <subfield code="8">KHMERNF</subfield>
    <subfield code="a">001</subfield>
    <subfield code="b">001</subfield>
    <subfield code="c">RHTK2</subfield>
    <subfield code="d">2023-09-04</subfield>
    <subfield code="l">0</subfield>
    <subfield code="o">MEN 577.63</subfield>
    <subfield code="p">2023-0462</subfield>
    <subfield code="r">2023-09-04 09:17:51</subfield>
    <subfield code="t">1</subfield>
    <subfield code="w">2023-09-04</subfield>
    <subfield code="y">BK</subfield>
  </datafield>
  <datafield tag="952" ind1=" " ind2=" ">
    <subfield code="0">0</subfield>
    <subfield code="1">0</subfield>
    <subfield code="2">ddc</subfield>
    <subfield code="4">0</subfield>
    <subfield code="7">0</subfield>
    <subfield code="8">KHMERNF</subfield>
    <subfield code="a">001</subfield>
    <subfield code="b">001</subfield>
    <subfield code="c">RHTK2</subfield>
    <subfield code="d">2023-09-04</subfield>
    <subfield code="l">0</subfield>
    <subfield code="o">MEN 577.63</subfield>
    <subfield code="p">2023-0463</subfield>
    <subfield code="r">2023-09-04 09:17:58</subfield>
    <subfield code="t">2</subfield>
    <subfield code="w">2023-09-04</subfield>
    <subfield code="y">BK</subfield>
  </datafield>
  <datafield tag="952" ind1=" " ind2=" ">
    <subfield code="0">0</subfield>
    <subfield code="1">0</subfield>
    <subfield code="2">ddc</subfield>
    <subfield code="4">0</subfield>
    <subfield code="7">0</subfield>
    <subfield code="8">KHMERNF</subfield>
    <subfield code="a">001</subfield>
    <subfield code="b">001</subfield>
    <subfield code="c">RHTK2</subfield>
    <subfield code="d">2023-09-04</subfield>
    <subfield code="l">0</subfield>
    <subfield code="o">MEN 577.63</subfield>
    <subfield code="p">FISTK03715</subfield>
    <subfield code="r">2023-10-10 09:03:55</subfield>
    <subfield code="t">3</subfield>
    <subfield code="w">2023-09-04</subfield>
    <subfield code="y">BK</subfield>
  </datafield>
  <datafield tag="952" ind1=" " ind2=" ">
    <subfield code="0">0</subfield>
    <subfield code="1">0</subfield>
    <subfield code="2">ddc</subfield>
    <subfield code="4">0</subfield>
    <subfield code="7">0</subfield>
    <subfield code="8">KHMERNF</subfield>
    <subfield code="a">001</subfield>
    <subfield code="b">001</subfield>
    <subfield code="c">SKB</subfield>
    <subfield code="d">2024-03-07</subfield>
    <subfield code="l">2</subfield>
    <subfield code="o">MEN 577.63</subfield>
    <subfield code="p">FIS02458</subfield>
    <subfield code="r">2025-12-01 10:07:56</subfield>
    <subfield code="s">2025-11-10</subfield>
    <subfield code="t">5</subfield>
    <subfield code="w">2024-03-07</subfield>
    <subfield code="y">BK</subfield>
  </datafield>
  <datafield tag="952" ind1=" " ind2=" ">
    <subfield code="0">0</subfield>
    <subfield code="1">0</subfield>
    <subfield code="2">ddc</subfield>
    <subfield code="4">0</subfield>
    <subfield code="7">0</subfield>
    <subfield code="8">KHMERNF</subfield>
    <subfield code="a">002</subfield>
    <subfield code="b">001</subfield>
    <subfield code="c">SKB</subfield>
    <subfield code="d">2024-03-07</subfield>
    <subfield code="l">1</subfield>
    <subfield code="o">MEN 577.63</subfield>
    <subfield code="p">FISSE02241</subfield>
    <subfield code="r">2025-03-11 16:42:42</subfield>
    <subfield code="s">2025-03-11</subfield>
    <subfield code="t">6</subfield>
    <subfield code="w">2024-03-07</subfield>
    <subfield code="y">BK</subfield>
  </datafield>
  <datafield tag="952" ind1=" " ind2=" ">
    <subfield code="0">0</subfield>
    <subfield code="1">0</subfield>
    <subfield code="2">ddc</subfield>
    <subfield code="4">0</subfield>
    <subfield code="7">0</subfield>
    <subfield code="8">KHMERNF</subfield>
    <subfield code="a">002</subfield>
    <subfield code="b">002</subfield>
    <subfield code="c">TTP Khmer</subfield>
    <subfield code="d">2024-03-07</subfield>
    <subfield code="l">2</subfield>
    <subfield code="o">MEN 577.63</subfield>
    <subfield code="p">FISSE02464</subfield>
    <subfield code="r">2026-03-13 16:11:33</subfield>
    <subfield code="s">2026-01-23</subfield>
    <subfield code="t">7</subfield>
    <subfield code="w">2024-03-07</subfield>
    <subfield code="y">BK</subfield>
  </datafield>
</record>
